| 000 | 01055nam a22004210a 4500 | ||
|---|---|---|---|
| 001 | PT36781 | ||
| 003 | AR-LpoUNG | ||
| 005 | 20210131230400.0 | ||
| 008 | 191001s2008||||ag |||||||||||||||||spa d | ||
| 020 |
_a9789500729055 _c$12.60 |
||
| 040 |
_aAR-LpoUNG _bspa _cAR-LpoUNG _eaacr |
||
| 041 | _aspa | ||
| 044 | _aag | ||
| 082 | 0 | _a982 498arg | |
| 100 | 1 | _aDevoto, Fernando | |
| 245 | 1 | 0 |
_aArgentina - Brasil : _b1850-2000 |
| 250 | _a1ra. ed. | ||
| 260 |
_aBuenos Aires : _bSudamericana, _c2008. |
||
| 300 |
_a493 p. : _btbls. |
||
| 650 | 4 | _aANALISIS COMPARATIVO | |
| 650 | 4 | _aANALISIS HISTORICO | |
| 650 | 4 | _aARGENTINA | |
| 650 | 4 | _aBRASIL | |
| 650 | 4 | _aCRISIS POLITICA | |
| 650 | 4 | _aDEMOCRACIA | |
| 650 | 4 | _aDEMOCRATIZACION | |
| 650 | 4 | _aDICTADURA | |
| 650 | 4 | _aESTADO | |
| 650 | 4 | _aHISTORIA ECONOMICA | |
| 650 | 4 | _aHISTORIA POLITICA | |
| 650 | 4 | _aHISTORIA SOCIAL | |
| 651 | 4 | _aAmérica Latina | |
| 700 | 1 |
_aBavio _etr. |
|
| 700 | 1 | _aFausto, Boris | |
| 700 | 1 |
_aGrieco, Alfredo _etr. |
|
| 905 | _a36781 | ||
| 942 | _cLIB | ||
| 999 |
_c3108 _d3108 |
||